000
00321nam a2200121Ia 4500
008
220204s9999 xx 000 0 und d
082
_a
065
_b
ATC
100
_a
Hill, Thomas J
245
0
_a
Management today: Managing work in organizations
260
_a
New York
_b
Harcourt Bruce
_c
1978
700
_a
Winston W
942
_c
BK
999
_c
33398
_d
33398